| 000 | 01024cam a2200349 i 4500 | ||
|---|---|---|---|
| 001 | 0000587 | ||
| 003 | DO-SdBNP | ||
| 005 | 20240425134229.0 | ||
| 007 | 0000587 | ||
| 008 | 100514s2008 sp |g|||| spa | ||
| 015 | _a | ||
| 017 |
_a _b |
||
| 020 | _a9788466321006 | ||
| 035 | _a | ||
| 040 |
_aBPMSU _bspa _cBPMSU _e |
||
| 080 | _a | ||
| 082 | 4 |
_a813.54 _bP481y 2008 _222 |
|
| 100 | 1 |
_aPeters, Elizabeth, _d1927- _933 |
|
| 245 | 1 | 0 |
_aY él hará retumbar el cielo / _cElizabeth Peters ; traducción Juan Larrea |
| 260 |
_aMadrid: _bPunto de lectura, _c2008. |
||
| 300 |
_a645 p.; _c19 cm |
||
| 490 | 0 |
_aPunto de lectura. Narrativa; _v136 / 3 |
|
| 500 | _aIncluye datos biográficos de la autora. | ||
| 500 | _a | ||
| 534 |
_pTítulo original : _tHe shall thumber in the sky |
||
| 590 | _aInventariado, 2024/VM | ||
| 650 | 4 | _aNovela estadounidense | |
| 650 | 4 | _aLiteratura estadounidense | |
| 700 | 1 |
_aLarrea, Juan, _etraductor |
|
| 910 | _aVMateo V. Control de calidad. BPMSU | ||
| 942 |
_2ddc _cBK |
||
| 999 |
_c11105 _d11105 |
||